| 000 | 00545nam a22001817a 4500 | ||
|---|---|---|---|
| 005 | 20230118130008.0 | ||
| 040 | _curs | ||
| 050 | _aHF 5661 A33 2011 | ||
| 100 |
_93263 _aAgamata, Franklin T. _eauthor |
||
| 245 |
_aManagement advisory services _ba comprehensive guide |
||
| 250 | _a2012 edition | ||
| 260 |
_aManila _bGIC Enterprises _c2011 |
||
| 336 |
_2rdacontent _atext _btxt |
||
| 337 |
_2rdamedia _aunmediated _bn |
||
| 338 |
_2rdacarrier _avolume _bnc |
||
| 650 | 0 |
_92826 _aAccounting _xProblems, examinations, exercises, etc. |
|
| 942 |
_2lcc _cF |
||
| 999 |
_c67826 _d67826 |
||